| 000 | 00426nam a22001817a 4500 | ||
|---|---|---|---|
| 003 | NUST | ||
| 020 | _a9788120306639 | ||
| 038 | _akhadija | ||
| 082 |
_a671 _bLIN |
||
| 100 |
_aLindberg, Roy A. _986729 |
||
| 245 | _aProcesses and Materials of Manufacture | ||
| 250 | _a4th ed. | ||
| 260 |
_aNew Delhi : _bPHI Learning, _c2009. |
||
| 300 |
_a864 p. ; _b24 cm. |
||
| 500 | _aPaperback. | ||
| 563 | _aPB | ||
| 942 |
_cBK _2ddc |
||
| 999 |
_c33472 _d33472 |
||